Online
Catalog

Historia diplomática de la primera República de Venezuela / (Record no. 12262)

MARC details
000 -CABECERA
campo de control de longitud fija 00834cam a2200205 a 4500
001 - NÚMERO DE CONTROL
campo de control 000012607
005 - FECHA Y HORA DE LA ÚLTIMA TRANSACCIÓN
campo de control 20200929163039.0
008 - DATOS DE LONGITUD FIJA--INFORMACIÓN GENERAL
campo de control de longitud fija 750407s1967 ve a 001 0 spa d
040 ## - FUENTE DE LA CATALOGACIÓN
Centro catalogador/agencia de origen DO-SdBNP
Lengua de catalogación spa
Centro/agencia transcriptor LC
Centro/agencia modificador BNPHU
082 ## - NÚMERO DE LA CLASIFICACIÓN DECIMAL DEWEY
Número de clasificación 327.87
Número de documento/Ítem V718h
049 ## - FONDOS LOCALES (OCLC)
Fondos de biblioteca BNGR
100 1# - ENTRADA PRINCIPAL--NOMBRE DE PERSONA
Nombre de persona Villanueva, Carlos A.,
Fechas asociadas al nombre 1865-1925.
9 (RLIN) 29308
245 10 - MENCIÓN DE TÍTULO
Título Historia diplomática de la primera República de Venezuela /
Mención de responsabilidad, etc. Carlos A. Villanueva ; edición preparada por Dr. Blas Bruni Celli.
260 ## - PUBLICACIÓN, DISTRIBUCIÓN, ETC.
Lugar de publicación, distribución, etc. Caracas :
Nombre del editor, distribuidor, etc. [Talleres Gráficas Edición de Arte de Ernesto Armitano],
Fecha de publicación, distribución, etc. 1967.
300 ## - DESCRIPCIÓN FÍSICA
Extensión 534 p. :
Otras características físicas il. ;
Dimensiones 23 cm.
651 #4 - PUNTO DE ACCESO ADICIONAL DE MATERIA--NOMBRE GEOGRÁFICO
Nombre geográfico Venezuela
Subdivisión general Relaciones Exteriores
9 (RLIN) 29309
651 #4 - PUNTO DE ACCESO ADICIONAL DE MATERIA--NOMBRE GEOGRÁFICO
Nombre geográfico Venezuela
Subdivisión general Historia
Subdivisión cronológica GUERRA DE LA INDEPENDENCIA, 1810-1822
Subdivisión general Fuentes
9 (RLIN) 29310
700 1# - PUNTO DE ACCESO ADICIONAL--NOMBRE DE PERSONA
Nombre de persona Bruni Celli, Blas,
Fechas asociadas al nombre 1925-
Término indicativo de función/relación ed.
9 (RLIN) 4439
910 ## - DATOS DE OPCIÓN DEL USUARIO (OCLC)
Datos de opción del usuario Catalogación por copia / LC
Holdings
Estado de retiro Estado de pérdida Restricciones de uso No para préstamo Código de colección Localización permanente Ubicación/localización actual Ubicación en estantería Fecha de adquisición Número de inventario Total de préstamos Signatura topográfica completa Código de barras Fecha visto por última vez Precio válido a partir de Tipo de ítem Koha
    Préstamo interno   Monografías: Libros y Folletos General General En catalogación 13.11.2009 LF1   327.87 V718h 12607-10 25.06.2020 25.06.2020 Préstamo interno

Powered by Koha